[Event "28. Erfurter Schachfestival 2018 - Hauptturnier"]
[Site "Erfurt"]
[Date "2018.12.27"]
[Round "2"]
[Board "3"]
[White "Simon, Jonathan"]
[Black "Weiland, Thomas"]
[Result "0-1"]
[WhiteElo "1987"]
[BlackElo "1795"]
[PlyCount "74"]
[EventDate "2018.12.26"]
[EventRounds "8"]
[EventCountry "GER"]

1. c4 f5 2. d4 d6 3. Nf3 Nf6 4. Nc3 g6 5. Bf4 Bg7 6. Qd2 c6 7. h4 h6 8. g3 Bd7
9. Bg2 Na6 10. O-O Nc7 11. Qe3 Ng4 12. Qd2 e5 13. dxe5 dxe5 14. Qd6 Be6 15. Qb4
exf4 16. Qxb7 O-O 17. Qxc6 fxg3 18. fxg3 Qe7 19. Nd5 Nxd5 20. cxd5 Bf7 21. d6
Qd8 22. d7 Rb8 23. Rac1 Qb6+ 24. Qxb6 axb6 25. b3 Ne3 26. Rfe1 Rfd8 27. Rc7 Be6
28. Kf2 Nxg2 29. Rd1 Nxh4 30. Nxh4 Kf7 31. Rc6 g5 32. Ng6 Rxd7 33. Rxd7+ Bxd7
34. Rc7 Ke6 35. Kf3 Kd6 36. Rc1 Be8 37. Rd1+ Ke6  0-1

[Event "28. Erfurter Schachfestival 2018 - Hauptturnier"]
[Site "Erfurt"]
[Date "2018.12.27"]
[Round "2"]
[Board "6"]
[White "Butenandt, Svenja"]
[Black "Link, Klaus"]
[Result "1-0"]
[WhiteElo "1768"]
[BlackElo "1955"]
[PlyCount "76"]
[EventDate "2018.12.26"]
[EventRounds "8"]
[EventCountry "GER"]

1. d4 Nf6 2. c4 e6 3. Nc3 Bb4 4. e3 b6 5. Nge2 Bb7 6. a3 Be7 7. d5 e5 8. Ng3 g6
9. Bd3 a5 10. b3 Na6 11. Bb2 Nc5 12. Bc2 d6 13. b4 axb4 14. axb4 Rxa1 15. Qxa1
Ncd7 16. O-O O-O 17. Qa7 Qa8 18. Ra1 Rc8 19. Nge4 Nxe4 20. Bxe4 f5 21. Bc2 Kf7
22. Nb5 Bd8 23. Bb3 Ke7 24. f3 Ke8 25. f4 e4 26. Bd4 h6 27. Bg7 h5 28. Bd4 Ke7
29. Bc3 Ke8 30. Be1 Kf7 31. Bc3 Nf6 32. Bd4 Ne8 33. c5 bxc5 34. bxc5 Rb8 35. c6
Ba6 36. Qxa8 Rxa8 37. Bc4 Ke7 38. Nc3 Bb7  1-0

[Event "28. Erfurter Schachfestival 2018 - Hauptturnier"]
[Site "Erfurt"]
[Date "2018.12.27"]
[Round "2"]
[Board "7"]
[White "Schicktanz, Florian"]
[Black "Rost, Detlef"]
[Result "1/2-1/2"]
[WhiteElo "1767"]
[BlackElo "1941"]
[PlyCount "129"]
[EventDate "2018.12.26"]
[EventRounds "8"]
[EventCountry "GER"]

1. c4 e6 2. Nc3 d5 3. cxd5 exd5 4. d4 c6 5. Nf3 Nf6 6. Bg5 Be7 7. e3 Nbd7 8.
Bd3 h6 9. Bh4 O-O 10. O-O Re8 11. Qc2 Ne4 12. Bxe7 Qxe7 13. Rac1 Nxc3 14. Qxc3
Qd6 15. Rfe1 a5 16. Qc2 Nf8 17. e4 dxe4 18. Bxe4 Bg4 19. Ne5 Be6 20. Nf3 a4 21.
a3 Bb3 22. Qc3 Rad8 23. Nd2 Bd5 24. Bxd5 Qxd5 25. Nf3 Rxe1+ 26. Rxe1 Ne6 27. h3
Qd6 28. Qc4 b5 29. Qc3 Kf8 30. Qc2 g6 31. Rd1 Qd5 32. Qd2 Kg7 33. Qc3 Kh7 34.
Qe3 c5 35. Qe5 cxd4 36. Qf6 Qf5 37. Qe7 Kg7 38. Qb7 d3 39. Qc6 Qd5 40. Qc3+ Kg8
41. Qf6 Qf5 42. Qxf5 gxf5 43. Ne5 Nc5 44. Kf1 Kg7 45. f4 Rd4 46. g3 f6 47. Nf3
Rc4 48. Ne1 Rd4 49. Nf3 Rd5 50. Ne1 h5 51. Kf2 Kf7 52. Ke3 d2 53. Rxd2 Rxd2 54.
Kxd2 Ne4+ 55. Ke3 Nxg3 56. Nf3 Ne4 57. Nd4 Nd6 58. Kf3 Kg6 59. h4 Kf7 60. b3
axb3 61. Nxb3 Nc4 62. Nd4 Nxa3 63. Nxf5 Nc2 64. Nd6+ Ke6 65. Nxb5  1/2-1/2

[Event "28. Erfurter Schachfestival 2018 - Hauptturnier"]
[Site "Erfurt"]
[Date "2018.12.27"]
[Round "2"]
[Board "9"]
[White "Moeller (EF), Frank"]
[Black "Kresse, Mathias"]
[Result "1/2-1/2"]
[WhiteElo "1743"]
[BlackElo "1939"]
[PlyCount "133"]
[EventDate "2018.12.26"]
[EventRounds "8"]
[EventCountry "GER"]

1. e4 c5 2. c3 d5 3. exd5 Qxd5 4. d4 cxd4 5. Nf3 Nc6 6. Na3 Bg4 7. Be2 d3 8.
Nc2 O-O-O 9. Ne3 Qd7 10. Nxg4 dxe2 11. Qxd7+ Rxd7 12. Be3 f6 13. Bd2 e5 14.
Kxe2 Bc5 15. Be3 Bd6 16. Bd2 Nge7 17. Rhd1 Rhd8 18. Ne3 e4 19. Nd4 Nxd4+ 20.
cxd4 Nc6 21. Bc3 Bf4 22. g3 Bxe3 23. fxe3 Ne7 24. Rac1 Rc7 25. Ba5 b6 26. Rxc7+
Kxc7 27. Rc1+ Kd7 28. Bb4 Nd5 29. Bd2 Rc8 30. Rxc8 Kxc8 31. Kd1 Kd7 32. Kc2 Kc6
33. Kb3 b5 34. a3 f5 35. Kc2 g5 36. Bc1 Nf6 37. Kd1 Ng4 38. h4 Nf2+ 39. Ke1
Nd3+ 40. Kd2 f4 41. exf4 gxf4 42. gxf4 Nxf4 43. Ke3 Nd3 44. Bd2 Kd5 45. Bc3 a5
46. Bxa5 Nxb2 47. Kf4 Kxd4 48. Kg5 Nc4 49. Bb4 e3 50. Be1 Nxa3 51. Kh6 Nc2 52.
Bg3 b4 53. h5 b3 54. Bh4 e2 55. Kxh7 e1=Q 56. Bxe1 Nxe1 57. h6 b2 58. Kg7 b1=Q
59. h7 Qb7+ 60. Kg8 Qc8+ 61. Kg7 Qd7+ 62. Kg8 Qe8+ 63. Kg7 Qe5+ 64. Kg8 Qg5+
65. Kh8 Qh6 66. Kg8 Qg6+ 67. Kh8  1/2-1/2

[Event "28. Erfurter Schachfestival 2018 - Hauptturnier"]
[Site "Erfurt"]
[Date "2018.12.27"]
[Round "2"]
[Board "10"]
[White "Bertram, Thomas"]
[Black "Woost, Thomas"]
[Result "1-0"]
[WhiteElo "1696"]
[BlackElo "1915"]
[PlyCount "117"]
[EventDate "2018.12.26"]
[EventRounds "8"]
[EventCountry "GER"]

1. e4 e5 2. Bc4 Nf6 3. Nc3 Bc5 4. Nf3 Nc6 5. O-O O-O 6. d3 a6 7. a3 Be7 8. Ba2
d6 9. h3 Be6 10. Nd5 Qd7 11. Be3 Bd8 12. Qd2 Bxd5 13. exd5 Ne7 14. c4 Nf5 15.
b4 Nxe3 16. Qxe3 Nh5 17. d4 f6 18. c5 Kh8 19. Rac1 Nf4 20. c6 bxc6 21. dxc6 Qf5
22. Rfe1 Qg6 23. Nh4 Qh5 24. Qg3 f5 25. Nf3 Nd3 26. dxe5 Nxc1 27. Rxc1 f4 28.
Qg4 Qxg4 29. hxg4 dxe5 30. Nxe5 g6 31. Rd1 Kg7 32. Rd7+ Kf6 33. Nf3 h6 34. Rh7
Be7 35. Nd2 Rae8 36. f3 Ke5 37. Rxh6 Rf6 38. Ne4 Rxc6 39. Bf7 Rc1+ 40. Kh2 Rf8
41. Bxg6 Ra1 42. Rh5+ Kd4 43. Ra5 Rh8+ 44. Bh5 Rh6 45. Nd2 Kd3 46. Ne4 Rc6 47.
Nf2+ Ke2 48. Nh3 Bd6 49. Rf5 Ke3 50. Rf6 Rcc1 51. Re6+ Kd2 52. Rxd6+ cxd6 53.
Nxf4 Ke3 54. Kg3 Rc4 55. Ne6 d5 56. g5 d4 57. g6 d3 58. g7 Rc8 59. Nf8  1-0

[Event "28. Erfurter Schachfestival 2018 - Amateurturnier"]
[Site "Erfurt"]
[Date "2018.12.27"]
[Round "1"]
[Board "1"]
[White "Bernhardt, Thomas"]
[Black "Raumanns, Niklas"]
[Result "0-1"]
[WhiteElo "1475"]
[BlackElo "1597"]
[PlyCount "74"]
[EventDate "2018.12.27"]
[EventRounds "7"]
[EventCountry "GER"]

1. e4 c6 2. d4 d5 3. exd5 cxd5 4. Nf3 Nc6 5. Bb5 Bd7 6. O-O e6 7. Re1 Nf6 8. c3
Qb6 9. Bxc6 Bxc6 10. Ne5 Bd6 11. Nd2 O-O 12. Qb3 Qc7 13. c4 Bxe5 14. dxe5 Nd7
15. Nf3 Rac8 16. Bf4 dxc4 17. Qxc4 Qb6 18. Qd4 Bxf3 19. Qxb6 Nxb6 20. gxf3 Rc2
21. b3 Nd5 22. Be3 a6 23. a3 Rfc8 24. Kf1 R8c3 25. Re2 Nxe3+ 26. fxe3 Rxe2 27.
Kxe2 Rxb3 28. f4 Rb2+ 29. Kf3 Rxh2 30. e4 g6 31. a4 Rb2 32. a5 h5 33. Kg3 Rb4
34. Kh4 Rxe4 35. Kg5 Kg7 36. Rb1 Ra4 37. Rxb7 Rxa5  0-1

[Event "28. Erfurter Schachfestival 2018 - Amateurturnier"]
[Site "Erfurt"]
[Date "2018.12.27"]
[Round "1"]
[Board "2"]
[White "Jarosch, Wolfram"]
[Black "Schupp, Lukas"]
[Result "1-0"]
[WhiteElo "1594"]
[BlackElo "1226"]
[PlyCount "39"]
[EventDate "2018.12.27"]
[EventRounds "7"]
[EventCountry "GER"]

1. e4 d6 2. f4 g6 3. d4 Bg7 4. Nf3 b6 5. Be3 Bb7 6. Nbd2 Nf6 7. Bd3 O-O 8. Qe2
Nbd7 9. h3 c5 10. c3 Qc7 11. O-O c4 12. Bc2 d5 13. e5 Nh5 14. Qf2 Bh8 15. f5
Ng7 16. Qh4 Bc8 17. Ng5 h5 18. fxg6 fxg6 19. Bxg6 Qc6 20. Bh7#  1-0

[Event "28. Erfurter Schachfestival 2018 - Amateurturnier"]
[Site "Erfurt"]
[Date "2018.12.27"]
[Round "1"]
[Board "3"]
[White "Naumann, Martin"]
[Black "Tangermann, Wilfried"]
[Result "0-1"]
[WhiteElo "1296"]
[BlackElo "1586"]
[PlyCount "50"]
[EventDate "2018.12.27"]
[EventRounds "7"]
[EventCountry "GER"]

1. d4 Nf6 2. e3 e6 3. c4 Bb4+ 4. Bd2 Bxd2+ 5. Nxd2 O-O 6. Ngf3 b6 7. Be2 Bb7 8.
O-O d6 9. b3 Nbd7 10. Rc1 Qe7 11. Qc2 c5 12. Bd3 h6 13. Rfe1 Rac8 14. h3 d5 15.
cxd5 cxd4 16. Qb1 dxe3 17. fxe3 Bxd5 18. e4 Bb7 19. e5 Nd5 20. Nc4 Nb4 21. Nd6
Rxc1 22. Rxc1 Bxf3 23. gxf3 Nxd3 24. Qxd3 Qg5+ 25. Kf2 Qxc1  0-1

[Event "28. Erfurter Schachfestival 2018 - Amateurturnier"]
[Site "Erfurt"]
[Date "2018.12.27"]
[Round "1"]
[Board "4"]
[White "Naumann, Thomas"]
[Black "Vemmer, Tobias"]
[Result "1-0"]
[WhiteElo "1688"]
[BlackElo "1220"]
[PlyCount "73"]
[EventDate "2018.12.27"]
[EventRounds "7"]
[EventCountry "GER"]

1. d4 d5 2. Nf3 e6 3. c4 c6 4. e3 a6 5. Be2 dxc4 6. Bxc4 b5 7. Be2 Nd7 8. O-O
Nb6 9. Nc3 Bb7 10. a4 b4 11. Ne4 a5 12. Bd2 g6 13. Rc1 Bg7 14. Nc5 Qc7 15. Qc2
Ne7 16. Rfd1 O-O 17. Ng5 Rfe8 18. Qb3 Ned5 19. e4 Nf6 20. Qh3 h6 21. Nf3 Nfd7
22. Nxb7 Qxb7 23. Bxh6 Nxa4 24. e5 Nxb2 25. Rd2 Na4 26. Ng5 f6 27. Bxg7 fxg5
28. Qh6 Kf7 29. Rd3 Rg8 30. Rf3+ Ke7 31. Qxg5+ Ke8 32. Qxg6+ Kd8 33. Rf7 Nc3
34. Bg4 Qb5 35. Qxe6 c5 36. Rxd7+ Qxd7 37. Qxd7#  1-0

[Event "28. Erfurter Schachfestival 2018 - Amateurturnier"]
[Site "Erfurt"]
[Date "2018.12.27"]
[Round "1"]
[Board "5"]
[White "Herzog, Tilon"]
[Black "Weber, Tom"]
[Result "1-0"]
[WhiteElo "1173"]
[BlackElo "1425"]
[PlyCount "69"]
[EventDate "2018.12.27"]
[EventRounds "7"]
[EventCountry "GER"]

1. e4 c5 2. d4 cxd4 3. c3 dxc3 4. Nxc3 Nc6 5. Nf3 e6 6. Bf4 d6 7. Bc4 e5 8. Be3
Be7 9. O-O a6 10. Nd5 Be6 11. Bb6 Qd7 12. Nc7+ Kf8 13. Bxe6 fxe6 14. Nxa8 Bd8
15. Be3 b5 16. Nb6 Qb7 17. Qxd6+ Be7 18. Nd7+ Ke8 19. Qxe6 Qxd7 20. Qxd7+ Kxd7
21. Rfd1+ Kc7 22. Rac1 Bd6 23. Ng5 Nf6 24. Ne6+ Kd7 25. Nxg7 Nxe4 26. f3 Nf6
27. Nf5 Ne8 28. Nxd6 Nxd6 29. Bc5 Nd4 30. Bxd6 Ne2+ 31. Kf2 Nxc1 32. Bxe5+ Ke6
33. Bxh8 Nxa2 34. Ra1 Nb4 35. Bc3  1-0

[Event "28. Erfurter Schachfestival 2018 - Seniorenturnier"]
[Site "Erfurt"]
[Date "2018.12.26"]
[Round "1"]
[Board "1"]
[White "Ranker, Klemens"]
[Black "Szenetra, Werner"]
[Result "0-1"]
[WhiteElo "1847"]
[BlackElo "2168"]
[PlyCount "60"]
[EventDate "2018.12.26"]
[EventRounds "5"]
[EventCountry "GER"]

1. e4 g6 2. Nf3 Bg7 3. Nc3 d6 4. h3 a6 5. d4 b5 6. a3 Nd7 7. Bd3 Bb7 8. Bd2 c5
9. d5 c4 10. Be2 Nc5 11. Ng1 e6 12. Bf3 exd5 13. exd5 Ne7 14. Nge2 O-O 15. O-O
Qd7 16. Bf4 a5 17. Qd2 b4 18. axb4 axb4 19. Rxa8 Rxa8 20. Nd1 b3 21. cxb3 Nxb3
22. Qb4 Nxd5 23. Qxc4 Nxf4 24. Qxf4 Ra4 25. Bg4 f5 26. Qe3 Qf7 27. Nec3 Rd4 28.
Nb5 fxg4 29. Nxd4 Bxd4 30. Qg5 gxh3  0-1

[Event "28. Erfurter Schachfestival 2018 - Seniorenturnier"]
[Site "Erfurt"]
[Date "2018.12.26"]
[Round "1"]
[Board "2"]
[White "Stahr, Ralf-Peter"]
[Black "Just, Gabriele"]
[Result "1-0"]
[WhiteElo "2131"]
[BlackElo "1846"]
[PlyCount "43"]
[EventDate "2018.12.26"]
[EventRounds "5"]
[EventCountry "GER"]

1. c4 f5 2. Nc3 Nf6 3. e4 fxe4 4. g4 h6 5. Bg2 d6 6. Nxe4 e5 7. h3 Nc6 8. Ne2
a5 9. d4 exd4 10. Nxd4 Bd7 11. O-O Be7 12. Ng3 Nxd4 13. Qxd4 c6 14. Bf4 Be6 15.
Rfe1 Qd7 16. Re2 Bxg4 17. hxg4 Qxg4 18. Rae1 Ng8 19. Qxd6 Qd7 20. Nf5 Qxd6 21.
Bxd6 O-O-O 22. Nxe7+  1-0

[Event "28. Erfurter Schachfestival 2018 - Seniorenturnier"]
[Site "Erfurt"]
[Date "2018.12.26"]
[Round "1"]
[Board "3"]
[White "Wolf, Mario"]
[Black "Villing, Dieter"]
[Result "0-1"]
[WhiteElo "1827"]
[BlackElo "2123"]
[PlyCount "32"]
[EventDate "2018.12.26"]
[EventRounds "5"]
[EventCountry "GER"]

1. Nf3 d6 2. d4 Bg4 3. e4 Nf6 4. Nbd2 e6 5. h3 Bh5 6. c3 Be7 7. Qb3 Nbd7 8. Bd3
O-O 9. e5 dxe5 10. g4 Bg6 11. Bxg6 hxg6 12. Nxe5 Nxe5 13. dxe5 Nd7 14. Nf3 Nc5
15. Qc2 Qd5 16. Ke2 Qc4+  0-1

[Event "28. Erfurter Schachfestival 2018 - Seniorenturnier"]
[Site "Erfurt"]
[Date "2018.12.26"]
[Round "1"]
[Board "4"]
[White "Ruether, Rudolf"]
[Black "Welsch, Dieter Sen."]
[Result "1-0"]
[WhiteElo "2115"]
[BlackElo "1826"]
[PlyCount "49"]
[EventDate "2018.12.26"]
[EventRounds "5"]
[EventCountry "GER"]

1. d4 d5 2. Nf3 Nf6 3. c4 c6 4. Nc3 e6 5. Bg5 Be7 6. e3 Nbd7 7. Rc1 b6 8. Bd3
dxc4 9. Bxc4 Bb7 10. O-O O-O 11. Qe2 h6 12. Bf4 Nh5 13. Be5 b5 14. Bd3 Nhf6 15.
Rfd1 Nxe5 16. Nxe5 Rc8 17. Ne4 Qd5 18. Nc5 Ba8 19. Bb1 Qd8 20. Qd3 Rc7 21. Rc3
Bxc5 22. Rxc5 Qe8 23. Ng4 Ne4 24. Qxe4 f5 25. Qd3  1-0

[Event "28. Erfurter Schachfestival 2018 - Seniorenturnier"]
[Site "Erfurt"]
[Date "2018.12.26"]
[Round "1"]
[Board "5"]
[White "Rauscher, Joachim"]
[Black "Jacob, Helmut"]
[Result "1/2-1/2"]
[WhiteElo "1820"]
[BlackElo "2110"]
[PlyCount "88"]
[EventDate "2018.12.26"]
[EventRounds "5"]
[EventCountry "GER"]

1. e4 d5 2. exd5 Qxd5 3. Nc3 Qd8 4. Bc4 Nf6 5. d3 c6 6. Bd2 Nbd7 7. Qe2 Qc7 8.
Nf3 Nb6 9. Bb3 Bg4 10. h3 Bxf3 11. Qxf3 e6 12. O-O-O a5 13. Bf4 Qd8 14. a4 Bb4
15. Ne4 Nfd5 16. c3 Be7 17. Kb1 Nxf4 18. Qxf4 Nd5 19. Qf3 O-O 20. h4 b5 21. d4
Qb6 22. Rc1 Rab8 23. Rc2 bxa4 24. Bxa4 Qc7 25. g3 Rfc8 26. Kc1 c5 27. dxc5 Bxc5
28. Rd1 Rf8 29. Nxc5 Qxc5 30. Rd4 Nb6 31. Rcd2 e5 32. Re4 Nc4 33. Rc2 Nd6 34.
Re1 Nc4 35. Qc6 Qxc6 36. Bxc6 Rfd8 37. Re4 Nb6 38. Rxe5 Rd6 39. Rce2 f6 40.
Re8+ Rxe8 41. Bxe8 g6 42. Bb5 Kf7 43. Be8+ Kf8 44. Bb5 Kf7  1/2-1/2

[Event "28. Erfurter Schachfestival 2018 - Haupt"]
[Site "Erfurt"]
[Date "2018.12.27"]
[Round "3.2"]
[White "Siebarth, Marco"]
[Black "Hilgert, Viktor"]
[Result "1-0"]
[WhiteElo "2008"]
[BlackElo "1817"]
[PlyCount "41"]
[EventDate "2018.12.26"]

1. e4 c5 2. Nf3 d6 3. d4 cxd4 4. Nxd4 Nf6 5. Nc3 g6 6. g3 Bg7 7. Bg2 O-O 8. O-O
a6 9. a4 e6 10. h3 Qc7 11. Be3 Nc6 12. Nde2 b6 13. Qd2 Bb7 14. Rac1 Rac8 15. b3
Ne8 16. Na2 Ne7 17. c4 Nc6 18. Rfd1 Na5 19. Qb4 Nc6 20. Qxb6 Qxb6 21. Bxb6 1-0

[Event "28. Erfurter Schachfestival 2018 - Haupt"]
[Site "Erfurt"]
[Date "2018.12.27"]
[Round "3.3"]
[White "Wähner, Manuel"]
[Black "Link, Robert"]
[Result "1/2-1/2"]
[WhiteElo "1810"]
[BlackElo "1979"]
[PlyCount "47"]
[EventDate "2018.12.26"]

1. d4 d5 2. c4 c6 3. Nf3 e6 4. Nc3 dxc4 5. a4 Bb4 6. Bd2 a5 7. e3 b5 8. axb5
Bxc3 9. Bxc3 cxb5 10. b3 Bb7 11. bxc4 b4 12. Bd2 Nf6 13. Bd3 Qc7 14. Qe2 Ne4
15. O-O Nd7 16. Rfb1 Ndf6 17. Ne5 Nxd2 18. Qxd2 Ne4 19. Bxe4 Bxe4 20. Rc1 f6
21. Nd3 Bxd3 22. Qxd3 O-O 23. Qb3 Rfc8 24. Ra4 1/2-1/2

[Event "28. Erfurter Schachfestival 2018 - Haupt"]
[Site "Erfurt"]
[Date "2018.12.27"]
[Round "3.5"]
[White "Mix, Thomas"]
[Black "Latka, Richard"]
[Result "0-1"]
[WhiteElo "1910"]
[BlackElo "1808"]
[Annotator "bernd"]
[PlyCount "70"]
[EventDate "2018.12.26"]

1. Nf3 d5 2. c4 e6 3. g3 f5 4. Bg2 Nf6 5. O-O Bd6 6. b3 O-O 7. Bb2 c6 8. d3 Re8
9. Nc3 e5 10. Qc2 d4 11. Nb1 c5 12. Nfd2 Nc6 13. a3 Qe7 14. e4 f4 15. gxf4 exf4
16. Nf3 g5 17. e5 Nxe5 18. Nbd2 g4 19. Nxe5 Qxe5 20. f3 Qh5 21. fxg4 Nxg4 22.
Bd5+ Be6 23. Bxe6+ Rxe6 24. Ne4 Ne3 25. Qf2 Nxf1 26. Rxf1 Rf8 27. Kh1 f3 28.
Rg1+ Kh8 29. b4 b6 30. bxc5 bxc5 31. Rg5 Qxh2+ 32. Qxh2 Bxh2 33. Nxc5 Re1+ 34.
Kxh2 Re2+ 35. Kg3 Rxb2 0-1

[Event "28. Erfurter Schachfestival 2018 - Haupt"]
[Site "Erfurt"]
[Date "2018.12.27"]
[Round "3.6"]
[White "Weiland, Thomas"]
[Black "Schwarz, Hilmar"]
[Result "1/2-1/2"]
[WhiteElo "1795"]
[BlackElo "1901"]
[PlyCount "88"]
[EventDate "2018.12.26"]

1. c4 f5 2. d4 e6 3. Nc3 d5 4. cxd5 exd5 5. Nf3 Nf6 6. e3 Be7 7. Be2 O-O 8. O-O
c6 9. Qc2 Ne4 10. Ne5 Nd7 11. Nd3 Ndf6 12. Bd2 Bd6 13. f4 Qe7 14. Ne5 Be6 15.
a3 g5 16. Be1 Qg7 17. Nxe4 Nxe4 18. Bd3 Rf6 19. g3 Raf8 20. Kh1 Kh8 21. Rg1 Rh6
22. Rg2 g4 23. Kg1 Rhf6 24. b4 Rc8 25. Rc1 Rff8 26. Qb2 Qe7 27. Rgc2 Kg7 28.
Rb1 Rh8 29. a4 h5 30. b5 Bxe5 31. Bxe4 Bf6 32. Bd3 c5 33. Bc3 c4 34. Bf1 h4 35.
Re1 h3 36. Bb4 Qd7 37. Qa3 Rhd8 38. Rc3 Kf7 39. Rb1 b6 40. Be2 Ra8 41. Qc1 a6
42. a5 Rdb8 43. bxa6 Rxa6 44. Ra3 b5 1/2-1/2

[Event "28. Erfurter Schachfestival 2018 - Haupt"]
[Site "Erfurt"]
[Date "2018.12.27"]
[Round "3.7"]
[White "Reuter, Hans-Otto"]
[Black "Butenandt, Svenja"]
[Result "1-0"]
[WhiteElo "1893"]
[BlackElo "1768"]
[PlyCount "43"]
[EventDate "2018.12.26"]

1. Nf3 d5 2. g3 Nf6 3. Bg2 c5 4. c4 d4 5. d3 Nc6 6. O-O e5 7. b4 cxb4 8. a3
bxa3 9. Qb3 Be7 10. Bxa3 O-O 11. Nbd2 Bxa3 12. Qxa3 Qc7 13. Rfb1 a5 14. Rb5 Ra6
15. Rab1 Re8 16. Ng5 Nb4 17. Nge4 Nxe4 18. Nxe4 b6 19. c5 Rd8 20. cxb6 Rxb6 21.
Qxa5 Nd5 22. Rxb6 1-0

[Event "28. Erfurter Schachfestival 2018 - Haupt"]
[Site "Erfurt"]
[Date "2018.12.27"]
[Round "3.8"]
[White "Haag, Wadim"]
[Black "Aniol, Adrian"]
[Result "1/2-1/2"]
[WhiteElo "1769"]
[BlackElo "1885"]
[PlyCount "74"]
[EventDate "2018.12.26"]

1. d4 Nf6 2. Nf3 g6 3. Bf4 Bg7 4. e3 O-O 5. h3 d5 6. Bd3 c5 7. c3 cxd4 8. exd4
Nc6 9. O-O Ne4 10. Nbd2 Bf5 11. Re1 Nxc3 12. bxc3 Bxd3 13. Nb3 Bc4 14. Nc5 b6
15. Nd3 Rc8 16. Nde5 Nxe5 17. Nxe5 f6 18. Nxc4 Rxc4 19. Qe2 e5 20. Bd2 exd4 21.
Qe6+ Kh8 22. cxd4 Rxd4 23. Bc3 Rc4 24. Bb2 f5 25. Bxg7+ Kxg7 26. Rad1 Rc5 27.
h4 Qf6 28. Qd7+ Rf7 29. Qe8 Qxh4 30. Rd3 d4 31. Rh3 Qf4 32. Rxh7+ Kxh7 33.
Qxf7+ Kh6 34. Qf8+ Kg5 35. Qe7+ Kh5 36. g3 Qg5 37. Qh7+ Qh6 1/2-1/2

[Event "28. Erfurter Schachfestival 2018 - Haupt"]
[Site "Erfurt"]
[Date "2018.12.27"]
[Round "3.9"]
[White "Meijerink, Inken"]
[Black "Röhr, Oliver"]
[Result "1/2-1/2"]
[WhiteElo "1657"]
[BlackElo "1878"]
[PlyCount "45"]
[EventDate "2018.12.26"]

1. e4 e5 2. Nf3 Nc6 3. Bc4 Bc5 4. O-O Nf6 5. d4 Bxd4 6. Nxd4 Nxd4 7. f4 d6 8.
fxe5 dxe5 9. Bg5 Be6 10. Na3 Qe7 11. c3 Bxc4 12. Nxc4 Ne6 13. Bxf6 gxf6 14. Kh1
Nc5 15. Qf3 Nd7 16. Ne3 c6 17. Ng4 Rg8 18. Rad1 Qe6 19. Rxd7 Kxd7 20. Nxf6+ Ke7
21. Nxg8+ Rxg8 22. b3 Rg6 23. g3 1/2-1/2

[Event "28. Erfurter Schachfestival 2018 - Haupt"]
[Site "Erfurt"]
[Date "2018.12.27"]
[Round "3.10"]
[White "Grzeschniok, Anton"]
[Black "Bertram, Thomas"]
[Result "1/2-1/2"]
[WhiteElo "1866"]
[BlackElo "1696"]
[PlyCount "48"]
[EventDate "2018.12.26"]

1. e4 e5 2. Nf3 Nc6 3. Nc3 d6 4. d4 exd4 5. Nxd4 Bd7 6. Be3 Nf6 7. Bb5 Be7 8.
O-O O-O 9. Nxc6 bxc6 10. Bc4 Ng4 11. Bf4 Bf6 12. Qe2 Ne5 13. Bb3 Ng6 14. Bg3
Re8 15. Rae1 a6 16. Qd3 Qc8 17. Qc4 Re7 18. f4 Qe8 19. Qd3 c5 20. Nd5 Bd4+ 21.
Kh1 Bb5 22. c4 Bc6 23. Nxe7+ Qxe7 24. Re2 a5 1/2-1/2

[Event "28. Erfurter Schachfestival 2018 - Senio"]
[Site "Erfurt"]
[Date "2018.12.27"]
[Round "2.1"]
[White "Szenetra, Werner"]
[Black "Wünsch, Ulrich"]
[Result "1/2-1/2"]
[WhiteElo "2168"]
[BlackElo "2057"]
[PlyCount "76"]
[EventDate "2018.12.26"]

1. Nf3 c5 2. g3 g6 3. Bg2 Bg7 4. O-O Nc6 5. d3 d6 6. e4 e6 7. Re1 Nge7 8. c3
Qb6 9. Na3 O-O 10. Nc4 Qc7 11. a4 d5 12. exd5 Nxd5 13. Ng5 Nce7 14. f4 b6 15.
Qe2 h6 16. Nf3 Bb7 17. a5 Rad8 18. a6 Ba8 19. Bd2 Nc6 20. Nce5 Nde7 21. b4 Nxe5
22. fxe5 cxb4 23. cxb4 Qd7 24. Ra3 Nf5 25. Qf2 Bc6 26. g4 Ne7 27. Qh4 Bxf3 28.
Bxf3 g5 29. Qf2 Ng6 30. d4 Nxe5 31. dxe5 Qxd2 32. Qxd2 Rxd2 33. Rc3 Rfd8 34.
Rc7 R2d7 35. Rb7 Bf8 36. Rb1 Bg7 37. Re1 Bf8 38. Rb1 Bg7 1/2-1/2

[Event "28. Erfurter Schachfestival 2018 - Senio"]
[Site "Erfurt"]
[Date "2018.12.27"]
[Round "2.2"]
[White "Wunder, Stefan"]
[Black "Stahr, Ralf-Peter"]
[Result "0-1"]
[WhiteElo "2059"]
[BlackElo "2131"]
[PlyCount "84"]
[EventDate "2018.12.26"]

1. Nf3 c5 2. g3 Nc6 3. d4 cxd4 4. Nxd4 g6 5. c4 Bg7 6. Nc2 h5 7. h3 d6 8. Bg2
Be6 9. Ne3 Qd7 10. Nd2 Rc8 11. Rb1 Nh6 12. a3 O-O 13. b3 f6 14. Bb2 Nf7 15. f4
Bh6 16. Qc2 Kh7 17. Rd1 h4 18. Ne4 Qc7 19. Ng4 Bg7 20. gxh4 Bf5 21. h5 Bxe4 22.
Bxe4 Qa5+ 23. Kf1 Qxh5 24. Nf2 Nh6 25. Rd5 f5 26. Bxg7 Kxg7 27. Qc3+ Kh7 28.
Qg3 Ng8 29. Bf3 Qh6 30. Rd1 Nf6 31. e3 Na5 32. Qg2 b5 33. cxb5 Rc2 34. Rd3 Rb2
35. b4 Nc4 36. Kg1 e5 37. Rc3 Nd2 38. Nd3 Nxf3+ 39. Qxf3 e4 40. Rc7+ Kh8 41.
Qd1 exd3 42. Qxd3 Qh4 0-1

[Event "28. Erfurter Schachfestival 2018 - Senio"]
[Site "Erfurt"]
[Date "2018.12.27"]
[Round "2.3"]
[White "Villing, Dieter"]
[Black "Bodemer, Wolfgang"]
[Result "1-0"]
[WhiteElo "2123"]
[BlackElo "1897"]
[PlyCount "115"]
[EventDate "2018.12.26"]

1. e4 c5 2. Nf3 d6 3. Bb5+ Bd7 4. Bxd7+ Qxd7 5. O-O e6 6. c4 Nf6 7. Nc3 Be7 8.
d3 Nc6 9. Ng5 O-O 10. f4 a6 11. b3 Qc7 12. Bb2 h6 13. Nh3 Nd7 14. Qh5 Bf6 15.
Nf2 Bd4 16. Kh1 Nf6 17. Qh3 Qe7 18. Rae1 Rae8 19. Nfd1 Qd7 20. Bc1 Nh7 21. Ne2
Bf6 22. Ne3 Nd4 23. Ng3 Qc8 24. Ng4 Bd8 25. Nh5 f5 26. Ne3 Nf6 27. exf5 Nxf5
28. Nxf5 exf5 29. Bb2 Nxh5 30. Qxh5 Rxe1 31. Rxe1 Qd7 32. Qg6 Ba5 33. Re6 Bc7
34. h3 Qf7 35. d4 Qxg6 36. Rxg6 Kf7 37. Rg3 Re8 38. dxc5 g6 39. Rd3 Re1+ 40.
Kh2 Ke6 41. Bc3 Re4 42. cxd6 Bxd6 43. Be5 Bxe5 44. fxe5 Rxe5 45. Kg3 g5 46. Kf3
f4 47. Rd8 Kf7 48. Rd7+ Re7 49. Rxe7+ Kxe7 50. Kg4 Kf6 51. Kh5 Kf5 52. Kxh6 g4
53. hxg4+ Kxg4 54. Kg6 a5 55. Kf6 b6 56. Ke5 Kg3 57. a3 Kg4 58. b4 1-0

[Event "28. Erfurter Schachfestival 2018 - Senio"]
[Site "Erfurt"]
[Date "2018.12.27"]
[Round "2.5"]
[White "Schmidt, Matthias"]
[Black "Haase, Reinhard"]
[Result "1/2-1/2"]
[WhiteElo "1979"]
[BlackElo "2104"]
[PlyCount "75"]
[EventDate "2018.12.26"]

1. e4 d5 2. exd5 Nf6 3. d4 Nxd5 4. c4 Nb6 5. Nf3 Bg4 6. c5 N6d7 7. h3 Bh5 8.
Qb3 Bxf3 9. Qxf3 Nc6 10. Bc4 e6 11. Be3 Qf6 12. Qxf6 Nxf6 13. Nc3 Nb4 14. O-O-O
O-O-O 15. a3 Nbd5 16. Kc2 h6 17. b4 Be7 18. Rhe1 Nxc3 19. Kxc3 Nd5+ 20. Bxd5
Rxd5 21. Rd3 Bf6 22. Red1 a6 23. a4 Kd7 24. Kc4 Ra8 25. f3 Kc6 26. b5+ axb5+
27. axb5+ Kd7 28. R1d2 Ra1 29. Kb4 c6 30. b6 h5 31. Ra3 Rxa3 32. Kxa3 e5 33.
dxe5 Bxe5 34. Kb4 Rxd2 35. Bxd2 Bd4 36. Kc4 Bf2 37. g4 g6 38. Bf4 1/2-1/2